000 00318 a2200109 4500
001 ART_12069
005 20260410161903.0
008 260409a
245 1 0 _aThe lag structure of option price
100 1 _akassouf, S.T.
773 0 _tJournal of econometrics
_g- Vol. 4, NÂș 4 (nov. 1976)
_wREV11720
999 _c26064
_d26064